Estrategia y rentabilidad 360° = Strategy and Profitability 360° /

Colección formada por producciones de ManagemenTV, canal latinoamericano de televisión de la compañía HSM especializado en contenidos sobre administración, en la que son abordados diferentes campos de conocimiento y ámbitos de acción de las ciencias administrativas. El cuarto de los siete tomos de l...

Mô tả đầy đủ

Đã lưu trong:
Chi tiết về thư mục
Định dạng: Slide
Ngôn ngữ:Tiếng Anh
Loạt:(Sumario Ejecutivo 2010: 7 Lecciones Clave para Liderar el Mercado ; 4)
(HSM DVD Master Series ; 4)
Những chủ đề:
Các nhãn: Thêm thẻ
Không có thẻ, Là người đầu tiên thẻ bản ghi này!

MARC

LEADER 00000ngm^a2200000^a^4500
001 000298144
005 20250521000000.0
009 20260310112400.777
037 |a Acervo ITESO - Biblioteca 
041 |a ING 
082 |a 658.  |b SUM V. 4 
240 1 1 |a [Sumario ejecutivo 2010: 7 lecciones clave para liderar el mercado] 
240 1 1 |a [HSM DVD Master Series] 
240 1 1 |a [On Management] 
240 1 1 |a [HSM Specials] 
245 0 0 |a Estrategia y rentabilidad 360° =  |b Strategy and Profitability 360° / 
246 2 |a Título en la pantalla: On Management: rentabilidad 
246 2 |a Título en la pantalla: On Management: Profitability 
264 |a México :  |b HSM, ManagemenTV,  |c fecha no identificada 
264 |a México :  |b HSM [dist.] :  |b Teléfonos de México [dist.],  |c fecha no identificada 
264 |a México :  |b HSM, ManagemenTV,  |c fecha no identificada 
264 |a México :  |b HSM [dist.] :  |b Teléfonos de México [dist.],  |c fecha no identificada 
300 |a 1 DVD sin dato de región  |c (33, 24, 24 min.) 
336 |a imagen móvil bidimensional  |b tdi  |2 rdacontenido 
337 |a video  |b v  |2 rdamedio 
338 |a videodisco  |b vd  |2 rdasoporte 
440 1 |a (Sumario Ejecutivo 2010: 7 Lecciones Clave para Liderar el Mercado ;  |v 4) 
440 1 |a (HSM DVD Master Series ;  |v 4) 
520 |a Colección formada por producciones de ManagemenTV, canal latinoamericano de televisión de la compañía HSM especializado en contenidos sobre administración, en la que son abordados diferentes campos de conocimiento y ámbitos de acción de las ciencias administrativas. El cuarto de los siete tomos de la colección está dedicado a la estrategia y la rentabilidad en los negocios y cuenta con la participación de los siguientes especialistas (entre paréntesis es anotada una referencia bibliográfica del autor en cuestión, cuando se cuenta con ella): Robert Herbold (Seduced by Success: How the Best Companies Survive the 9 Traps of Winning); David J. Reibstein (Wharton on Dynamic Competitive Strategy); Hermann Simon (La gestión orientada al margen comercial: una guía para maximizar beneficios en mercados de alta competencia) y Adrian J. Slywotzky (La migración del valor de la empresa: cómo evitar la desvalorización de la empresa anticipándose a las estrategias de la competencia). 
520 |a Suplementos y características especiales (en inglés, con subtítulos en español): 1) Estrategia y rentabilidad por Adrian Slywotzky (24 min.) y 2) Estrategia y rentabilidad por Henry Mintzberg (24 min.), entrevistas a profundidad con Slywotzky, quien también interviene en el programa principal, y Mintzberg, experto quebequense en liderazgo, estrategia y gestión y profesor de la McGill University en Montreal, Canadá. Todos los suplementos de los siete tomos son entrevistas con especialistas de la rama respectiva del programa y al parecer, varias de ellas –sino es que todas- proceden de la emisión de ManagemenTV titulada HSM Specials. 
546 |a En inglés, con subtítulos en español 
649 |a XX 
650 |a Empresas -  |x Administración 
650 |a Administradores Canadienses -  |x Entrevistas 
650 |a Administradores Norteamericanos -  |x Entrevistas 
650 |a Rentabilidad -  |x Tema Principal 
650 |a Productividad 
650 |a Estrategia en los Negocios -  |x Tema Principal 
650 |a Proceso Administrativo -  |x Dirección 
650 |a Administración 
650 |a Ciencias Administrativas 
650 |a Mintzberg, Henry 
650 |a Slywotzky, Adrian J. 
740 0 |a [Estrategia y rentabilidad por Adrian Slywotzky] =  |b Strategy and Profitability by Adrian Slywotzky / 
740 0 |a Estrategia y rentabilidad [por Henry Mintzberg] =  |b Strategy and Profitability by Henry Mintzberg / 
910 |a Fondo General 
920 |a Audiovisuales - DVDs 
905 |a 302 
901 |a 0500183179  |b IT2  |c DVS  |i C123338  |u 20250521 
902 |a https://opac.biblio.iteso.mx/vufind/Record/000298144